| 000 | 00375nam a2200169Ia 4500 | ||
|---|---|---|---|
| 003 | 0STCL | ||
| 008 | 150530s9999 xx 000 0 und d | ||
| 040 |
_aSTCL _cSTCL |
||
| 100 | _aRaveendran | ||
| 245 | _aDigaruvile Aanakal | ||
| 260 |
_bCalicut University _c2000 |
||
| 300 | _a0 | ||
| 546 | _aMalayalam | ||
| 942 |
_2ddc _cBK |
||
| 999 |
_c78468 _d78468 |
||
| 005 | 20220125171704.0 | ||